Mustafa Kemal'in yanında iki Libya'lı lider (Record no. 8289)
[ view plain ]
| 000 -BAŞLIK | |
|---|---|
| Sabit Uzunlukta Kontrol Alanı | 00920na a2200277 4500 |
| 001 - KONTROL NUMARASI | |
| Denetim Alanı | 18349 |
| 003 - KONTROL NUMARASI IDENTIFIER | |
| Denetim Alanı | MIRAKIL |
| 005 - SON İŞLEM TARİHİ VE ZAMANI | |
| Denetim Alanı | 20181213155206.0 |
| 008 - SABİT-BOY VERİ ELEMANLARI - GENEL BİLGİLER | |
| Sabit Uzunlukta Kontrol Alanı | 161117b tu 000 0 |
| 035 ## - SİSTEM KONTROL NUMARASI | |
| Sistem Kontrol Numarası | 18349 |
| 040 ## - KATALOGLAMA KAYNAK | |
| Orijinal Kataloglama Ajansı | Milas |
| Kataloglama Dili | tur |
| Metne Dönüştürmek Ajansı | TR-AnCHP |
| 041 ## - DİL KODU | |
| Metin / Ses Parça Veya Ayrı Başlığın Dil Kodu | tur |
| 082 ## - DEWEY ONLU SINIFLANDIRMA NUMARASI | |
| Sınıflandırma Numarası | 327 |
| Ürün Numarası | K64m 1981 |
| 090 ## - SINIFLAMA NUMARASI | |
| Sınıflama Numarası | 327 K64m 1981 |
| 100 ## - ANA GİRİŞ - KİŞİSEL İSİM | |
| Kişisel Ad | Koloğlu, Orhan |
| 245 ## - BAŞLIK TABLOSU | |
| Başlık | Mustafa Kemal'in yanında iki Libya'lı lider |
| Başlığın Kalan | Ahmet Şerif - Süleyman Baruni |
| Sorumluluk Tablosu, Vb | Orhan Koloğlu |
| 246 ## - UNVAN FORM VARYING | |
| Başlık Doğru / Kısa Başlığı | Ahmet Şerif - Süleyman Baruni |
| 260 ## - YAYIN, DAĞITIM, VB | |
| Yayın, Dağıtım, Vb Yeri | Ankara |
| Yayıncı, Dağıtıcı, Vs Adı | Libya Arap Halk Sosyalist Cemahiriyesi Ankara Halk Bürosu Kültür Merkezi Yayını |
| Yayın, Dağıtım, Vb Tarihi | 1981 |
| 300 ## - FİZİKSEL TANIM | |
| Kapsam | 168 s. |
| Diğer Fiziksel Ayrıntıları | fotg. |
| Boyutlar | 20 sm. |
| 500 ## - GENEL NOT | |
| Genel Not | Yapıt Osmanlı Türkçesi metinler içerir. |
| 600 ## - KONU KATMA GİRİŞ - KURUMSAL ADI | |
| Kişisel Ad | Şerif, Ahmet |
| 600 ## - KONU KATMA GİRİŞ - KURUMSAL ADI | |
| Kişisel Ad | Baruni, Süleyman |
| 600 ## - KONU KATMA GİRİŞ - KURUMSAL ADI | |
| Kişisel Ad | Atatürk, M. Kemal |
| Genel Alt Bölümü | Dış politika |
| 650 ## - KONU KATMA GİRİŞ - TOPİKAL DÖNEM | |
| Topikal Süreli Veya Coğrafi Ad Giriş Elemanı | Siyaset ve yönetim |
| Genel Alt Bölümü | Dış politika |
| Coğrafi Alt Bölümü | Türkiye |
| 942 ## - EKLENDİ GİRİŞ ELEMANLARI (KOHA) | |
| Sınıflandırma Veya Raf Düzeni Kaynak | |
| Koha Öğesi Türü | Books |
| 999 ## - SİSTEM KONTROL NUMARALARI (KOHA) | |
| Koha Biblionumber | 8289 |
| Koha Biblioitemnumber | 8289 |
| Kalıcı Konum | Mevcut Konum | Edinme Tarihi | Edinim Kaynak | Toplam Check-Out'Lar | Tam Çağrı Numarası | Barkod | Tarih Son Görülme | İtibaren Geçerli Fiyatlar | Koha Öğesi Türü |
|---|---|---|---|---|---|---|---|---|---|
| CHP Kütüphanesi | CHP Kütüphanesi | 11/17/2016 | Bağış | 327 K64m 1981 | 009505 | 11/17/2016 | 11/17/2016 | Books |
